| 000 | 00387nam a2200145Ia 4500 | ||
|---|---|---|---|
| 008 | 230312s9999||||xx |||||||||||||| ||und|| | ||
| 020 | _a93-85915-46-8 | ||
| 082 |
_a611 _bCHA-B |
||
| 100 | _aB D Chaurasia | ||
| 245 | 0 | _aBD Chaurasia's Human Anatomy-(Lower Limb Abdomen and Pelvis)-2 | |
| 260 |
_bCBS Publisher _aIndia _c2016 |
||
| 300 | _a498 | ||
| 650 |
_aMedical _vAnatomy |
||
| 942 | _cBK | ||
| 999 |
_c6786 _d6786 |
||